000 00696nam a2200265Ia 4500
003 OSt
005 20221007112735.0
006 a|||||r|||| 00| 0
007 ta
008 221006b |||||||| |||| 00| 0 eng d
024 _a29,292
037 _cTextual
040 _aLCO
_cLCO
_beng
041 _2eng
_aeng
082 _aV1:5, Q1
100 _aAnand A.S
_9590389
245 0 _aHuman Rights in India
250 _aIst
260 _aShimla
_bIndian Institute of Advanced Study Rashtrapati Nivas India
_c2011
300 _a400
650 _aHUMAN RIGHTS
700 _a Afonso A.V
_9708770
942 _hV1:5, Q1
_cTEXL
999 _c1198855
_d1198855